Visualizzazione normale
Vista MARC
- Daverio M., Rizzolli M., Calvi M., Garcia Ruiz P., Boffi P
di Personal Name
Records bibliografici associati: 1
001 - CONTROL NUMBER
- control field: 60662
003 - CONTROL NUMBER IDENTIFIER
- control field:
005 - DATE AND TIME OF LATEST TRANSACTION
- control field: 20240419125445.0
008 - FIXED-LENGTH DATA ELEMENTS
- fixed length control field: 240419|| aca||aabn | a|a d
040 ## - CATALOGING SOURCE
- Original cataloging agency:
- Transcribing agency:
100 ## - HEADING--PERSONAL NAME
- Personal name: Daverio M., Rizzolli M., Calvi M., Garcia Ruiz P., Boffi P
670 ## - SOURCE DATA FOUND
- Source citation: Work cat.: ()360050: Belletti Francesco (et al.) 56630, Politiche al servizio della famiglia, La rilevanza sociale "pubblica" dell'essere famiglia., 2024